| 000 | 00560nam a2200193Ia 4500 | ||
|---|---|---|---|
| 008 | 240729s9999 xx 000 0 und d | ||
| 022 | _a1466-4615 | ||
| 245 | 0 | _aFilm-Philosophy | |
| 260 | _aUnited Kingdom | ||
| 260 | _bEdinburgh University Press | ||
| 650 | _a Drama | ||
| 650 | _a Literature (General) | ||
| 650 | _a Motion pictures | Philosophy. Psychology. Religion | ||
| 650 | _a Philosophy (General) | ||
| 650 | _aLanguage and Literature | ||
| 856 | _uhttps://doaj.org/toc/9570d4172ec64d409560d2aeb6d3f9cd | ||
| 942 | _2ddc | ||
| 942 | _cDOAJEJ | ||
| 999 |
_c68372 _d68372 |
||
| 945 |
_a1 _bMadushi Gamage _c1 _dMadushi Gamage |
||